Statistics for On This Day (September 28th) Multiple Choice

Click here to take the quiz!

General Stats

  • This quiz has been taken 12 times
  • The average score is 7 of 15

Answer Stats

QuestionAnswer% Correct
1994 – The cruise ferry MS Estonia sinks in which sea ?Baltic
82%
1542 – Juan Rodríguez Cabrillo of Portugal arrives in the place that is now as which Californian city ?San Diego
73%
1939 – World War II: Nazi Germany and the Soviet Union agree on a division of which country ?Poland
64%
1975 – The Spaghetti House siege, in which nine people are taken hostage, takes place in which city ?London
55%
1995 – Bob Denard and a group of mercenaries take control of which islands in a coup ?Comoros
45%
2008 – The first privately developed liquid-fuel ground-launched vehicle puts a payload into orbit. What was it called ?Falcon 1
45%
1893 – Foundation of which Portuguese football club ?Porto
45%
235 – Pope Pontian resigns. He is exiled, along with Hippolytus of Rome, to which island ?Sardinia
45%
1821 – The Declaration of Independence of the Mexican Empire is drafted. It will be made public on which date ?13th October
36%
1971 – The Parliament of the UK passes the Misuse of Drugs Act 1971, banning the medicinal use of which drug ?Cannabis
36%
1961 – A military coup in which city effectively ends the United Arab Republic, the union between Egypt and Syria ?Damascus
36%
1868 – The Battle of Alcolea causes Queen Isabella II of Spain to flee to which country ?France
36%
2016 – The 2016 South Australian blackout occurs, lasting up to three days in some areas. What caused it ?Storm Damage
36%
1924 – The first aerial circumnavigation is completed by a team from which military service ?United States Army
36%
1919 – Race riots begin in which city ?Omaha, Nebraska
0%

Score Distribution

Percentile by Number Answered

Percent of People with Each Score

Your Score History

You have not taken this quiz